Introduction à la démographie (notice n° 1925334)
[ vue normale ]
| 000 -LEADER | |
|---|---|
| fixed length control field | 01486cam a2200157 4500500 |
| 005 - DATE AND TIME OF LATEST TRANSACTION | |
| control field | 20260329023202.0 |
| 041 ## - LANGUAGE CODE | |
| Language code of text/sound track or separate title | fre |
| 042 ## - AUTHENTICATION CODE | |
| Authentication code | dc |
| 100 10 - MAIN ENTRY--PERSONAL NAME | |
| Personal name | Clément, Céline |
| Relator term | author |
| 245 00 - TITLE STATEMENT | |
| Title | Introduction à la démographie |
| 260 ## - PUBLICATION, DISTRIBUTION, ETC. | |
| Name of publisher, distributor, etc. | Armand Colin,<br/> |
| Date of publication, distribution, etc. | 2020.<br/> |
| 520 ## - SUMMARY, ETC. | |
| Summary, etc. | Définie comme l’étude statistique de la population humaine, la démographie cherche à comprendre les événements (naître, avoir des enfants, migrer, mourir) qui façonnent les populations et les mécanismes qui agissent sur leur composition et leur dynamique. Au gré des transformations des sociétés, elle s’est s’adaptée, a pénétré de nouveaux champs et affiné ses théories.L’objectif de ce manuel est de présenter ces évolutions, aussi bien des populations que de la discipline. Il permet de familiariser le lecteur à la « boîte à outils » des démographes, d’aborder les notions et les méthodes de base. Il explique et resitue les théories ainsi que les enjeux, passés et à venir. L’ouvrage met également en lumière comment la démographie a diversifié ses thématiques, ses problématiques, ses méthodes, ses sources et ses approches, notamment avec l’introduction du genre ou encore sa relecture des âges de la vie et de l’analyse de la famille. |
| 700 10 - ADDED ENTRY--PERSONAL NAME | |
| Personal name | Clément, Céline |
| Relator term | author |
| 700 10 - ADDED ENTRY--PERSONAL NAME | |
| Personal name | Brugeilles, Carole |
| Relator term | author |
| 856 41 - ELECTRONIC LOCATION AND ACCESS | |
| Uniform Resource Identifier | <a href="https://shs.cairn.info/introduction-a-la-demographie--9782200624064?lang=fr&redirect-ssocas=7080">https://shs.cairn.info/introduction-a-la-demographie--9782200624064?lang=fr&redirect-ssocas=7080</a> |
Pas d'exemplaire disponible.




Réseaux sociaux